[Event "Winter Tournament 2015/16  1500-2300"]
[Site "SchemingMind.com"]
[Date "2015.12.18"]
[Round "-"]
[White "Phillip Beckett"]
[Black "fanfan_la_Tulipe"]
[Result "0-1"]
[WhiteCountry "ENG"]
[BlackCountry "AUT"]
[WhiteElo "1580"]
[WhiteRD "48"]
[BlackElo "2130"]
[BlackRD "73"]
[GameID "392121"]

1. e4 e5 2. Nf3 d6 3. d4 Nf6 4. dxe5 Nxe4 5. exd6 Bxd6 6. Be2 O-O 7. O-O Nc6 8. Bd3 Nc5 9. Be2 Bf5 10. c3 Qd7
11. Nbd2 Rfe8 12. Nb3 Ne6 13. Be3 Rad8 14. Nfd4 Bg6 15. Nxe6 Qxe6 16. Bf3 Bxh2+ 17. Kxh2 Rxd1 18. Raxd1 Ne5 19. Bf4 Nxf3+ 20. gxf3 Qf5
21. Bg3 Qxf3 22. Rfe1 Be4 23. Rxe4 Qxe4
0-1

[Event "Winter Tournament 2015/16  1500-2300"]
[Site "SchemingMind.com"]
[Date "2015.12.18"]
[Round "-"]
[White "fanfan_la_Tulipe"]
[Black "Phillip Beckett"]
[Result "1-0"]
[WhiteCountry "AUT"]
[BlackCountry "ENG"]
[WhiteElo "2130"]
[WhiteRD "73"]
[BlackElo "1580"]
[BlackRD "48"]
[GameID "392122"]

1. Nf3 Nf6 2. c4 e6 3. g3 d5 4. Bg2 c6 5. b3 Be7 6. Bb2 O-O 7. O-O Nbd7 8. d4 dxc4 9. bxc4 Nb6 10. Qb3 a5
11. a4 Ne4 12. Ne5 f5 13. f3 Nf6 14. Nd2 Nbd7 15. Nxd7 Qxd7 16. e4 fxe4 17. fxe4 Rb8 18. Rad1 b5 19. cxb5 cxb5 20. e5 Ba6
21. exf6 Bxf6 22. Rxf6 Rxf6 23. Ne4 Rff8 24. Nc5 Qc6 25. Bxc6
1-0

[Event "Winter Tournament 2015/16  1500-2300"]
[Site "SchemingMind.com"]
[Date "2015.12.24"]
[Round "-"]
[White "Phillip Beckett"]
[Black "Transcendent"]
[Result "0-1"]
[WhiteCountry "ENG"]
[BlackCountry "ENG"]
[WhiteElo "1577"]
[WhiteRD "47"]
[BlackElo "1656"]
[BlackRD "56"]
[GameID "392408"]

1. e4 e6 2. d4 d5 3. Nd2 Nf6 4. exd5 exd5 5. Ngf3 Bd6 6. Bd3 O-O 7. O-O Bg4 8. c3 Nbd7 9. Qc2 Re8 10. h3 Bh5
11. Re1 c6 12. Rxe8+ Qxe8 13. Nf1 Bxf3 14. gxf3 Bc7 15. Ng3 Bxg3 16. fxg3 Qe1+ 17. Kg2 Re8 18. b3 Nh5 19. Bb2 Qxg3+ 20. Kf1 Nf4
21. Bf5 Nxh3 22. Qg2 Qxg2+ 23. Kxg2 Nf4+ 24. Kg3 Nh5+ 25. Kg4 Nhf6+ 26. Kg3 g6 27. Bxd7 Re2 28. Bxc6 bxc6 29. Ba3 Nh5+ 30. Kh3 Nf4+
31. Kg3 Ne6 32. f4 Re3+ 33. Kf2 Re4 34. Re1 Nxf4 35. Rxe4 dxe4 36. Ke3 Nd5+ 37. Kd2 f5 38. c4 Nf4 39. Bc5 a6 40. Ke3 Nd3
41. Be7 Kf7 42. Bg5 Nc1 43. Kf4 Nxa2 44. Ke5 Nb4 45. d5 cxd5 46. cxd5 Ke8 47. d6 Kd7 48. Bd2 Nd3+ 49. Kd5 h5 50. Kd4 Kxd6
51. Bg5 Nf2 52. Ke3 Ng4+ 53. Kf4 Kd5 54. Bh4 Kd4 55. Kg5 Ke5 56. Kxg6 f4 57. Kxh5 Nf6+ 58. Kg5 e3 59. Be1 f3
0-1

[Event "Winter Tournament 2015/16  1500-2300"]
[Site "SchemingMind.com"]
[Date "2015.12.23"]
[Round "-"]
[White "Transcendent"]
[Black "Phillip Beckett"]
[Result "1/2-1/2"]
[WhiteCountry "ENG"]
[BlackCountry "ENG"]
[WhiteElo "1626"]
[WhiteRD "64"]
[BlackElo "1580"]
[BlackRD "48"]
[GameID "392409"]

1. c4 e5 2. g3 Nf6 3. Bg2 d5 4. cxd5 Nxd5 5. Nc3 Be6 6. Nf3 Nc6 7. O-O f6 8. d3 Qd7 9. Bd2 O-O-O 10. Rc1 Kb8
11. Nxd5 Bxd5 12. Qa4 Bxf3 13. Bxf3 Nd4 14. Qxd7 Nxf3+ 15. exf3 Rxd7 16. Rc3 Be7 17. Be3 Rhd8 18. Rfc1 c6 19. a3 Rxd3 20. Rc4 Rd1+
21. Kg2 Rxc1 22. Rxc1 Rd5 23. h4=
1/2-1/2

[Event "Winter Tournament 2015/16  1500-2300"]
[Site "SchemingMind.com"]
[Date "2015.12.23"]
[Round "-"]
[White "Transcendent"]
[Black "fanfan_la_Tulipe"]
[Result "0-1"]
[WhiteCountry "ENG"]
[BlackCountry "AUT"]
[WhiteElo "1664"]
[WhiteRD "61"]
[BlackElo "2184"]
[BlackRD "81"]
[GameID "392410"]

1. d4 Nf6 2. c4 g6 3. g3 Bg7 4. Bg2 O-O 5. Nc3 d6 6. Nf3 Nc6 7. O-O a6 8. e4 Bg4 9. h3 Bxf3 10. Bxf3 e5
11. Be3 exd4 12. Bxd4 Nxd4 13. Qxd4 Ng4 14. Qd2 Ne5 15. Be2 Qd7 16. Kh2 Nc6 17. Rad1 Nd4 18. Nd5 Kh8 19. f4 Rae8 20. Bg4 Qc6
21. Qd3 f5 22. exf5 Nxf5 23. Bxf5 Rxf5 24. g4 Rff8 25. b3 Qd7 26. Kg3 c6 27. Nc3 Re6 28. Ne4 Qe7 29. Rfe1 Rd8 30. Kf3 d5
31. Kg3 Re8 32. cxd5 Rxe4 33. Rxe4 Qxe4 34. Qxe4 Rxe4 35. dxc6 Re3+ 36. Kf2 Re8 37. c7 Bf6 38. g5 Be7 39. Rd7 Bc5+ 40. Kf3 Bb6
41. Kg4 Rc8 42. f5 gxf5+ 43. Kxf5 Rxc7 44. Rd5 Kg7 45. h4 Rc5 46. Rxc5 Bxc5 47. h5 b5 48. Ke6 b4
0-1

[Event "Winter Tournament 2015/16  1500-2300"]
[Site "SchemingMind.com"]
[Date "2015.12.24"]
[Round "-"]
[White "fanfan_la_Tulipe"]
[Black "Transcendent"]
[Result "1-0"]
[WhiteCountry "AUT"]
[BlackCountry "ENG"]
[WhiteElo "2192"]
[WhiteRD "72"]
[BlackElo "1668"]
[BlackRD "58"]
[GameID "392411"]

1. Nf3 d5 2. c4 c6 3. b3 Bf5 4. Bb2 e6 5. g3 Nf6 6. Bg2 Nbd7 7. O-O Be7 8. d4 O-O 9. Nbd2 Bb4 10. a3 Ba5
11. b4 Bc7 12. Qb3 dxc4 13. Nxc4 Nb6 14. Nce5 Nbd5 15. Rfd1 Qe7 16. Rac1 Rfd8 17. Ng5 h6 18. Ngxf7 Bxe5 19. Nxe5 Nd7 20. Nxd7 Rxd7
21. e4 Bxe4 22. Bxe4 Rf8 23. Bxd5 exd5 24. Re1 Qf6 25. Qe3 Rdf7 26. f4 g5 27. Rf1 Re7 28. Qf2 g4 29. Rfe1 Rfe8 30. Re5 Kf7
31. Rce1 b6 32. Qc2 Kg7 33. Kf2 a5 34. bxa5 bxa5 35. Rxe7+ Rxe7 36. Rxe7+ Qxe7 37. Qf5
1-0

[Event "Winter Tournament 2015/16  1500-2300"]
[Site "SchemingMind.com"]
[Date "2015.12.29"]
[Round "-"]
[White "Phillip Beckett"]
[Black "Scooter"]
[Result "0-1"]
[WhiteCountry "ENG"]
[BlackCountry "USA"]
[WhiteElo "1580"]
[WhiteRD "48"]
[BlackElo "1696"]
[BlackRD "46"]
[GameID "392749"]

1. d4 Nf6 2. e3 g6 3. Bd3 Bg7 4. Nd2 O-O 5. f4 d5 6. Ngf3 Bg4 7. O-O Nbd7 8. Qe1 Bxf3 9. Rxf3 c5 10. c3 cxd4
11. exd4 a6 12. f5 Qc7 13. fxg6 fxg6 14. Nf1 Rae8 15. Ng3 e5 16. dxe5 Nxe5 17. Rxf6 Bxf6 18. Qd2 Qc5+ 19. Kh1 Nxd3 20. Qxd3 Re1+
21. Nf1 Qf2 22. Be3 Qe2 23. Qxd5+ Rf7 24. Rxe1 Qxe1 25. Qf3 Bxc3
0-1

[Event "Winter Tournament 2015/16  1500-2300"]
[Site "SchemingMind.com"]
[Date "2015.12.28"]
[Round "-"]
[White "Scooter"]
[Black "Phillip Beckett"]
[Result "1-0"]
[WhiteCountry "USA"]
[BlackCountry "ENG"]
[WhiteElo "1696"]
[WhiteRD "46"]
[BlackElo "1580"]
[BlackRD "48"]
[GameID "392750"]

1. d4 d5 2. Nf3 Nf6 3. Bf4 e6 4. e3 c5 5. Bb5+ Bd7 6. Bxd7+ Nbxd7 7. c3 Qb6 8. Qb3 c4 9. Qxb6 Nxb6 10. O-O Na4
11. b3 cxb3 12. axb3 Nb6 13. Bc7 Nc8 14. c4 Be7 15. c5 O-O 16. Nc3 Bd8 17. Bxd8 Rxd8 18. b4 Ne7 19. Nb5 a6 20. Nd6 Rd7
21. b5 Nc8 22. Nxc8 Rxc8 23. bxa6 bxa6 24. Rxa6 Ne4 25. Ne5 Rdd8 26. f3 Nf6 27. Ra7 Rf8 28. Nd7 Nxd7 29. Rxd7 Rfd8 30. Rb7 Rb8
31. Rfb1 Rxb7 32. Rxb7 Rc8 33. c6 Kf8 34. c7 Ke7 35. Kf2 Kd7 36. Rb8 Rxc7= 37. Rg8 g6 38. Rg7 Kc6 39. Rxh7 Kb5 40. h4 Kc4
41. h5 gxh5 42. Rxh5 Kd3 43. f4 Rc2+ 44. Kf3 Rc1 45. Re5 Rf1+ 46. Kg4 Re1 47. Kf3 Rf1+ 48. Kg3 Re1 49. Kf2 Re2+ 50. Kf3 Re1
51. g4 Rf1+ 52. Kg2 Re1 53. Kf2 Re2+ 54. Kf3 Re1 55. f5 Rf1+ 56. Kg2 Re1 57. Kf2 Re2+ 58. Kf3 Re1 59. fxe6 fxe6 60. Rxe6 Rf1+
61. Kg2 Re1 62. Kf2 Rh1 63. g5 Rh2+ 64. Kg3 Rh8 65. g6 Rg8 66. Kf4
1-0

[Event "Winter Tournament 2015/16  1500-2300"]
[Site "SchemingMind.com"]
[Date "2015.12.28"]
[Round "-"]
[White "Scooter"]
[Black "Transcendent"]
[Result "1-0"]
[WhiteCountry "USA"]
[BlackCountry "ENG"]
[WhiteElo "1677"]
[WhiteRD "48"]
[BlackElo "1668"]
[BlackRD "58"]
[GameID "392751"]

1. d4 d5 2. Nf3 Nf6 3. Bf4 c5 4. c3 Qb6 5. Qb3 Nc6 6. e3 Bf5 7. Be2 c4 8. Qxb6 axb6 9. Nbd2 e6 10. O-O Be7
11. h3 O-O 12. Ne5 b5 13. g4 Bg6 14. Nxg6 hxg6 15. b3 Nd7 16. b4 e5 17. dxe5 Ndxe5 18. Nf3 Bf6 19. Nxe5 Nxe5 20. g5 Nf3+
21. Bxf3 Bxc3 22. Rac1 Bxb4 23. Bxd5 Rxa2 24. Bxb7 c3 25. Be5 c2 26. Bd5 Ra7 27. Rxc2 Re8 28. Bd4 Rae7 29. Bc5 Bxc5 30. Rxc5 b4
31. Rb5 Re5 32. Rb1 Rd8 33. Bxf7+
1-0

[Event "Winter Tournament 2015/16  1500-2300"]
[Site "SchemingMind.com"]
[Date "2015.12.29"]
[Round "-"]
[White "Transcendent"]
[Black "Scooter"]
[Result "0-1"]
[WhiteCountry "ENG"]
[BlackCountry "USA"]
[WhiteElo "1668"]
[WhiteRD "58"]
[BlackElo "1677"]
[BlackRD "48"]
[GameID "392752"]

1. d4 Nf6 2. c4 g6 3. g3 Bg7 4. Bg2 d6 5. Nc3 O-O 6. e4 Nbd7 7. Nf3 c5 8. h3 cxd4 9. Nxd4 Ne5 10. Qe2 Bd7
11. f4 Nc6 12. Nf3 Qc7 13. O-O Nh5 14. Kh2 Bxc3 15. bxc3 Na5 16. Nd2 Rac8 17. Bf3 Ng7 18. Rb1 b6 19. Rd1 Nxc4 20. Nxc4 Qxc4
21. Qxc4 Rxc4 22. Rb3 Ba4 23. Rd3 Bxb3 24. axb3 Rc7 25. Bb2 Ne6 26. c4 b5 27. e5 Nc5 28. Re3 bxc4 29. exd6 exd6 30. bxc4 Na4
31. Ba3 Rxc4 32. Bxd6 Rc2+ 33. Kh1 Rd8 34. Be5 Rc1+ 35. Kh2 Rd2+ 36. Re2 Rxe2+ 37. Bxe2 Rc2
0-1

[Event "Winter Tournament 2015/16  1500-2300"]
[Site "SchemingMind.com"]
[Date "2015.12.28"]
[Round "-"]
[White "Scooter"]
[Black "fanfan_la_Tulipe"]
[Result "0-1"]
[WhiteCountry "USA"]
[BlackCountry "AUT"]
[WhiteElo "1696"]
[WhiteRD "46"]
[BlackElo "2130"]
[BlackRD "73"]
[GameID "392753"]

1. d4 Nf6 2. Nf3 g6 3. Bf4 Bg7 4. e3 O-O 5. Be2 c5 6. c3 b6 7. O-O Bb7 8. Nbd2 Nc6 9. Ne5 d6 10. Nxc6 Bxc6
11. Bf3 d5 12. c4 cxd4 13. cxd5 Nxd5 14. Bxd5 Qxd5 15. e4 Qb5 16. Rb1 e5 17. Bg3 Rac8 18. f3 Bd7 19. b3 Be6 20. Rc1 Qa6
21. a4 Rxc1 22. Qxc1 Rc8 23. Qb2 Qd3 24. Rc1 Rc3 25. Be1 Bh6 26. Rc2 Rxc2
0-1

[Event "Winter Tournament 2015/16  1500-2300"]
[Site "SchemingMind.com"]
[Date "2015.12.29"]
[Round "-"]
[White "fanfan_la_Tulipe"]
[Black "Scooter"]
[Result "1-0"]
[WhiteCountry "AUT"]
[BlackCountry "USA"]
[WhiteElo "2130"]
[WhiteRD "73"]
[BlackElo "1696"]
[BlackRD "46"]
[GameID "392754"]

1. Nf3 Nf6 2. c4 g6 3. g3 Bg7 4. Bg2 O-O 5. O-O d6 6. d4 Bg4 7. h3 Bxf3 8. Bxf3 c6 9. e4 Nbd7 10. Nc3 e5
11. d5 cxd5 12. cxd5 a6 13. Be3 Rc8 14. Rc1 b5 15. Qd2 Nc5 16. b4 Ncd7 17. a4 Nb6 18. Bxb6 Qxb6 19. axb5 axb5 20. Be2 Rc7
21. Kg2 Rfc8 22. Bd3 Bh6 23. Qxh6 Rxc3 24. Rxc3 Rxc3 25. Ra1 Qd8 26. Qd2 Qc7 27. Bxb5 Nxe4 28. Qh6 Qb8 29. Bc6 Rxc6 30. dxc6 Nf6
31. b5 Nd5 32. Rb1 Ne7 33. Qc1 Nd5 34. b6 Nxb6 35. Qb2
1-0

[Event "Winter Tournament 2015/16  1500-2300"]
[Site "SchemingMind.com"]
[Date "2015.12.29"]
[Round "-"]
[White "Phillip Beckett"]
[Black "flyinduck"]
[Result "0-1"]
[WhiteCountry "ENG"]
[BlackCountry "CAN"]
[WhiteElo "1580"]
[WhiteRD "48"]
[BlackElo "2050"]
[BlackRD "53"]
[GameID "392790"]

1. d4 Nf6 2. e3 d5 3. Nd2 Bf5 4. Bd3 Bg6 5. Ngf3 e6 6. e4 dxe4 7. Nxe4 Nxe4 8. Bxe4 Bxe4 9. O-O Be7 10. Re1 Bxf3
11. Qxf3 c6 12. c3 Nd7 13. Qg4 O-O 14. Bh6 Bf6 15. h4 Kh8 16. Bg5 h6 17. Bxf6 Nxf6 18. Qf3 Qd5 19. Qh3 Qf5 20. Qh2 Rad8
21. f3 Rd5 22. Rf1 c5 23. g4 Qg6 24. h5 Rxh5 25. Qg2 Rg5 26. Kf2 Nxg4+ 27. fxg4 Rxg4 28. Qf3 cxd4 29. cxd4 Qg5 30. Rg1 Qd2+
31. Kf1 Rf4
0-1

[Event "Winter Tournament 2015/16  1500-2300"]
[Site "SchemingMind.com"]
[Date "2015.12.29"]
[Round "-"]
[White "flyinduck"]
[Black "Phillip Beckett"]
[Result "1-0"]
[WhiteCountry "CAN"]
[BlackCountry "ENG"]
[WhiteElo "2050"]
[WhiteRD "53"]
[BlackElo "1580"]
[BlackRD "48"]
[GameID "392791"]

1. c4 e5 2. Nc3 Nf6 3. Nf3 Nc6 4. g3 d5 5. cxd5 Nxd5 6. Bg2 Be6 7. O-O f6 8. d4 exd4 9. Nxd4 Nxc3 10. bxc3 Nxd4
11. cxd4 Bd5 12. Qa4+ c6 13. e4 Bf7 14. e5 Bd5 15. exf6 Bxg2 16. Re1+ Kf7 17. fxg7 Bxg7 18. Kxg2 Qd5+ 19. Kg1 Qxd4 20. Qb3+ Qd5
21. Qxb7+ Kg6 22. Bb2 Bxb2 23. Qxb2 Rab8 24. Qc2+ Kg7 25. Rad1 Qg5 26. Rd7+ Kf8 27. Qxc6 Qb5 28. Qf6+ Kg8 29. Qg7#
1-0

[Event "Winter Tournament 2015/16  1500-2300"]
[Site "SchemingMind.com"]
[Date "2015.12.29"]
[Round "-"]
[White "Scooter"]
[Black "flyinduck"]
[Result "0-1"]
[WhiteCountry "USA"]
[BlackCountry "CAN"]
[WhiteElo "1696"]
[WhiteRD "46"]
[BlackElo "2050"]
[BlackRD "53"]
[GameID "392792"]

1. d4 Nf6 2. Nf3 e6 3. Bg5 h6 4. Bxf6 Qxf6 5. e3 g6 6. Be2 Bg7 7. O-O O-O 8. Nbd2 d6 9. c3 b6 10. Rc1 Bb7
11. e4 Nd7 12. Re1 e5 13. dxe5 dxe5 14. Nc4 Rad8 15. Qc2 Qe7 16. Rcd1 Nc5 17. Rxd8 Rxd8 18. Nfd2 h5 19. b4 Ne6 20. Nf3 Nf4
21. Rd1 Nxe2+ 22. Qxe2 Rxd1+ 23. Qxd1 Bxe4 24. Qe2 Bxf3 25. Qxf3 e4 26. Qe3 Qe6 27. Nd2 Qxa2 28. g3 Qa1+ 29. Kg2 Qxc3
0-1

[Event "Winter Tournament 2015/16  1500-2300"]
[Site "SchemingMind.com"]
[Date "2015.12.29"]
[Round "-"]
[White "flyinduck"]
[Black "Scooter"]
[Result "1-0"]
[WhiteCountry "CAN"]
[BlackCountry "USA"]
[WhiteElo "2050"]
[WhiteRD "53"]
[BlackElo "1696"]
[BlackRD "46"]
[GameID "392793"]

1. c4 Nf6 2. Nc3 g6 3. d4 Bg7 4. e4 d6 5. Be2 O-O 6. Bg5 h6 7. Be3 b6 8. f3 Bb7 9. Nh3 Nbd7 10. O-O e5
11. d5 Nc5 12. b4 Ncd7 13. g4 g5 14. Nf2 Rc8 15. Nh1 Qe7 16. Ng3 Qd8 17. Nf5 a5 18. a3 axb4 19. axb4 Ra8 20. Qd2 Nb8
21. Bxg5 hxg5 22. Qxg5 Nh5 23. Qxh5 Rxa1 24. Rxa1 Bc8 25. Nd1 Bxf5 26. Qxf5 Nd7 27. g5 f6 28. g6 Qe7 29. Qh5
1-0

[Event "Winter Tournament 2015/16  1500-2300"]
[Site "SchemingMind.com"]
[Date "2015.12.30"]
[Round "-"]
[White "Transcendent"]
[Black "flyinduck"]
[Result "0-1"]
[WhiteCountry "ENG"]
[BlackCountry "CAN"]
[WhiteElo "1668"]
[WhiteRD "58"]
[BlackElo "2064"]
[BlackRD "54"]
[GameID "392794"]

1. d4 Nf6 2. c4 e6 3. g3 d5 4. Nf3 Be7 5. Bg2 O-O 6. O-O dxc4 7. Qc2 a6 8. Qxc4 b5 9. Qc2 Bb7 10. Bd2 Be4
11. Qc1 Nbd7 12. Ba5 Rc8 13. Nbd2 Ba8 14. Ne5 Nxe5 15. Bxa8 Qxd4 16. Bb7 c5 17. Bxc8 Rxc8 18. Nb3 Qg4 19. f3 Qh3 20. Bc3 Neg4
21. fxg4 Nxg4 22. Rf2 Nxf2 23. Kxf2 Qxh2+ 24. Kf3 c4 25. Nd4 e5 26. Nf5 e4+ 27. Kxe4 Qg2+ 28. Kf4 g5+ 29. Ke3 Bc5+ 30. Bd4 Re8+
31. Kd2 Qxe2+ 32. Kc3 Qd3#
0-1

[Event "Winter Tournament 2015/16  1500-2300"]
[Site "SchemingMind.com"]
[Date "2016.01.01"]
[Round "-"]
[White "flyinduck"]
[Black "Transcendent"]
[Result "1-0"]
[WhiteCountry "CAN"]
[BlackCountry "ENG"]
[WhiteElo "2064"]
[WhiteRD "54"]
[BlackElo "1668"]
[BlackRD "58"]
[GameID "392795"]

1. c4 Nf6 2. d4 c6 3. Nc3 d5 4. Nf3 dxc4 5. a4 Bf5 6. Ne5 Nbd7 7. Nxc4 Qc7 8. g3 e5 9. dxe5 Nxe5 10. Bf4 Nfd7
11. a5 O-O-O 12. a6 b6 13. Qc1 f6 14. Bg2 g5 15. Bxe5 Nxe5 16. Ne3 Bg6 17. O-O Bc5 18. Ne4 Bxe3 19. Qxe3 Rdf8 20. Rac1 h6
21. f4 Ng4 22. Qf3 h5 23. Nd6+ Kb8 24. Rxc6
1-0

[Event "Winter Tournament 2015/16  1500-2300"]
[Site "SchemingMind.com"]
[Date "2015.12.29"]
[Round "-"]
[White "fanfan_la_Tulipe"]
[Black "flyinduck"]
[Result "1-0"]
[WhiteCountry "AUT"]
[BlackCountry "CAN"]
[WhiteElo "2192"]
[WhiteRD "72"]
[BlackElo "2064"]
[BlackRD "54"]
[GameID "392796"]

1. Nf3 d5 2. c4 e6 3. g3 Nf6 4. Bg2 Be7 5. O-O O-O 6. d4 dxc4 7. Qc2 a6 8. Qxc4 b5 9. Qc2 Bb7 10. Bf4 Nd5
11. Bd2 Nd7 12. a3 c5 13. e4 N5f6 14. e5 Nd5 15. dxc5 Nxc5 16. Nc3 Nxc3 17. Bxc3 Be4 18. Qd1 Qb6 19. Bd4 Qb7 20. Bxc5 Bxc5
21. Nh4 Rfd8 22. Qe2 Bxg2 23. Nxg2 Rd7 24. Rfd1 Rad8 25. Rxd7 Qxd7 26. Rc1 Bb6 27. Nf4 Kf8 28. Qe4 Bxf2+ 29. Kxf2
1-0

[Event "Winter Tournament 2015/16  1500-2300"]
[Site "SchemingMind.com"]
[Date "2015.12.29"]
[Round "-"]
[White "flyinduck"]
[Black "fanfan_la_Tulipe"]
[Result "0-1"]
[WhiteCountry "CAN"]
[BlackCountry "AUT"]
[WhiteElo "2064"]
[WhiteRD "54"]
[BlackElo "2192"]
[BlackRD "72"]
[GameID "392797"]

1. c4 e5 2. Nc3 Nf6 3. Nf3 Nc6 4. g3 d5 5. cxd5 Nxd5 6. Bg2 Nb6 7. O-O Be7 8. a3 O-O 9. b4 Re8 10. Rb1 Bf8
11. d3 Nd4 12. Ne1 c6 13. e3 Ne6 14. Nf3 f6 15. Qc2 Kh8 16. Ne4 Nd5 17. Bd2 Ndc7 18. Rfd1 a5 19. Nc5 axb4 20. axb4 Nb5
21. Ra1 Rxa1 22. Rxa1 Qb6 23. Rc1 Qa7 24. h4 Nxc5 25. bxc5 Bg4 26. Nh2 Be6 27. g4 Rd8 28. Be4 g6 29. h5 f5 30. Bf3 Qa3
31. Be2 Be7 32. hxg6 hxg6 33. d4 exd4 34. Bc4 Bxc4 35. Qxc4 Rd5 36. exd4 Bf6
0-1

[Event "Winter Tournament 2015/16  1500-2300"]
[Site "SchemingMind.com"]
[Date "2016.01.01"]
[Round "-"]
[White "Phillip Beckett"]
[Black "Stephen Woodhouse"]
[Result "1/2-1/2"]
[WhiteCountry "ENG"]
[BlackCountry "ENG"]
[WhiteElo "1580"]
[WhiteRD "48"]
[BlackElo "1814"]
[BlackRD "48"]
[GameID "392920"]

1. e4 e6 2. d4 d5 3. Nd2 c5 4. exd5 Qxd5 5. dxc5 Bxc5 6. Ngf3 Nf6 7. Bd3 O-O 8. O-O Nc6 9. Bc4 Qd6 10. Nb3 Qxd1
11. Rxd1 Bb6 12. Bg5 Ne4 13. Bh4 e5 14. Bd5 Nc5 15. Nxc5 Bxc5 16. Bxc6 bxc6 17. Nxe5 Bf5 18. c3 Rac8 19. Nd7 Bxd7 20. Rxd7 Rfe8
21. Kf1 Re4 22. Bg3 Rce8 23. Rad1 f5 24. Rd8 Kf7 25. Rxe8 Kxe8 26. Re1 Rxe1+ 27. Kxe1 g5 28. f3 a6 29. Bf2 Bd6 30. h3 Kd7
31. Kd2 Ke6 32. Kd3 h5 33. Kc4 g4 34. Bc5 Bc7 35. Bd4 Bd6 36. Bc5 Bc7 37. b4 Ke5 38. Bf2 gxf3 39. gxf3 Kf4 40. Kc5 Kxf3
41. Bd4 Bg3 42. Kxc6 f4 43. a4 Kg2 44. b5 axb5 45. axb5 f3 46. b6 f2 47. Bxf2 Bxf2 48. b7 Bg3 49. Kd7 Kxh3 50. c4 Kg2
51. c5 h4 52. c6 h3 53. c7 Bxc7=
1/2-1/2

[Event "Winter Tournament 2015/16  1500-2300"]
[Site "SchemingMind.com"]
[Date "2016.01.01"]
[Round "-"]
[White "Stephen Woodhouse"]
[Black "Phillip Beckett"]
[Result "1-0"]
[WhiteCountry "ENG"]
[BlackCountry "ENG"]
[WhiteElo "1814"]
[WhiteRD "48"]
[BlackElo "1580"]
[BlackRD "48"]
[GameID "392921"]

1. e4 e5 2. Nf3 Nc6 3. d4 exd4 4. Nxd4 Bc5 5. Nxc6 Qf6 6. Qf3 dxc6 7. Bc4 Qxf3 8. gxf3 Ne7 9. Be3 Ng6 10. Bxc5 Bd7
11. Nc3 b6 12. Bd4 O-O 13. O-O-O Bh3 14. Rhg1 b5 15. Bf1 Bxf1 16. Rdxf1 f6 17. Rd1 a5 18. Bc5 Rfd8 19. Rxd8+ Rxd8 20. Rd1 Rxd1+
21. Nxd1 Ne5 22. f4 Ng6 23. f5 Ne5 24. b3 Nd7 25. Be7 Kf7 26. Bd8
1-0

[Event "Winter Tournament 2015/16  1500-2300"]
[Site "SchemingMind.com"]
[Date "2016.01.01"]
[Round "-"]
[White "Scooter"]
[Black "Stephen Woodhouse"]
[Result "0-1"]
[WhiteCountry "USA"]
[BlackCountry "ENG"]
[WhiteElo "1696"]
[WhiteRD "46"]
[BlackElo "1814"]
[BlackRD "48"]
[GameID "392922"]

1. d4 e6 2. Nf3 d5 3. Bf4 Bd6 4. Bxd6 Qxd6 5. c3 c5 6. e3 Nf6 7. Bb5+ Nc6 8. O-O O-O 9. Bxc6 bxc6 10. Nbd2 Ba6
11. Re1 Rab8 12. e4 dxe4 13. Nxe4 Nxe4 14. Rxe4 Rxb2 15. Qa4 Rb6 16. Qa3 Qd5 17. Re5 Qc4 18. Rxc5 Qd3 19. h3 Rfb8 20. Ne5 Qe4
21. Nd7 Rb1+ 22. Rxb1 Rxb1+ 23. Kh2 Qf4+
0-1

[Event "Winter Tournament 2015/16  1500-2300"]
[Site "SchemingMind.com"]
[Date "2016.01.01"]
[Round "-"]
[White "Stephen Woodhouse"]
[Black "Scooter"]
[Result "0-1"]
[WhiteCountry "ENG"]
[BlackCountry "USA"]
[WhiteElo "1814"]
[WhiteRD "48"]
[BlackElo "1696"]
[BlackRD "46"]
[GameID "392923"]

1. e4 c6 2. d4 d5 3. exd5 cxd5 4. c4 Nf6 5. Nc3 e6 6. Nf3 Bb4 7. cxd5 Nxd5 8. Bd2 Bxc3 9. bxc3 O-O 10. Bd3 Qc7
11. Qc2 Nc6 12. Bxh7+ Kh8 13. Bd3 Nf4 14. Bxf4 Qxf4 15. Qd2 Qf6 16. Qe3 Re8 17. Qe4 g6 18. Qh4+ Qxh4 19. Nxh4 a6 20. Nf3 b5
21. Kd2 Bb7 22. Rae1 Ne7 23. Be4 Bxe4 24. Rxe4 Rac8 25. h4 Nd5 26. Rc1 Rc4 27. Ne5 Rc7 28. c4 bxc4 29. Rxc4 Rxc4 30. Nxc4 Rd8
31. Ne5 Kg7 32. g3 Nb4 33. a3 Nd5 34. Nd3 Nf6 35. Rf4 Rb8 36. Nc5 a5 37. Rf3 Rb2+ 38. Kc3 Rb1 39. Nb3 a4 40. Nc5 Nd5+
41. Kc4 Nb6+ 42. Kd3 Ra1 43. Ke4 Nc4 44. Rc3 Nxa3 45. d5 Nb5 46. Rd3 exd5+ 47. Kxd5 a3 48. Kc4 a2 49. Kb3 Rc1 50. Ne6+ fxe6
51. Kxa2 Rc2+ 52. Kb3 Rxf2 53. Kc4 Nc7 54. Rd7+ Rf7 55. Rd3 Nd5 56. Kd4 Rd7 57. Ke5 Kf7 58. g4 Nb6 59. Rxd7+ Nxd7+ 60. Kd6 Nf6
61. g5 Nh7 62. Ke5 Ke7 63. Kf4 Kd6 64. Kg4 e5 65. h5 gxh5+ 66. Kxh5 Nf8 67. Kg4 Ke6 68. Kf3 Kf5
0-1

[Event "Winter Tournament 2015/16  1500-2300"]
[Site "SchemingMind.com"]
[Date "2016.01.02"]
[Round "-"]
[White "Transcendent"]
[Black "Stephen Woodhouse"]
[Result "0-1"]
[WhiteCountry "ENG"]
[BlackCountry "ENG"]
[WhiteElo "1656"]
[WhiteRD "56"]
[BlackElo "1824"]
[BlackRD "49"]
[GameID "392924"]

1. d4 e6 2. c4 d5 3. Nf3 c5 4. cxd5 exd5 5. Nc3 Nc6 6. g3 Nf6 7. Bg2 Be7 8. O-O O-O 9. Bf4 Be6 10. e3 Rc8
11. Rc1 cxd4 12. Nxd4 Qd7 13. Nxc6 Rxc6 14. Be5 Rfc8 15. Qe2 a6 16. Qd2 b5 17. a3 Rc4 18. Rfd1 Qc6 19. Rc2 Bf5 20. Rcc1 Be4
21. Bxf6 Bxf6 22. Nxe4 Rxc1 23. Nxf6+ gxf6 24. Bxd5 Rxd1+ 25. Qxd1 Qc1 26. Qxc1 Rxc1+ 27. Kg2 Kf8 28. Kf3 Ke7 29. Be4 h5 30. g4 hxg4+
31. Kxg4 Rg1+ 32. Kf3 Rg5 33. h4 Rh5 34. Kg4 Re5 35. Bb7 a5 36. Bc6 b4 37. axb4 axb4 38. Kf4 Rc5 39. Be4 Kf8 40. f3 Kg7
41. b3 Kh6 42. Bb7 Kh5 43. Kg3 Rc3 44. Bd5 Rxe3 45. Bxf7+ Kh6 46. Kg4 Re5 47. f4 Rc5 48. Be6= Kg7 49. h5 Kh6 50. Bf7 f5+
51. Kg3 Rc3+ 52. Kf2 Kg7 53. Be6 Kf6 54. Bc4 Rh3
0-1

[Event "Winter Tournament 2015/16  1500-2300"]
[Site "SchemingMind.com"]
[Date "2016.01.02"]
[Round "-"]
[White "Stephen Woodhouse"]
[Black "Transcendent"]
[Result "0-1"]
[WhiteCountry "ENG"]
[BlackCountry "ENG"]
[WhiteElo "1824"]
[WhiteRD "49"]
[BlackElo "1656"]
[BlackRD "56"]
[GameID "392925"]

1. e4 c5 2. c3 Nf6 3. e5 Nd5 4. d4 e6 5. Nf3 d6 6. Bd3 Nc6 7. O-O Be7 8. a3 dxe5 9. Nxe5 Nxe5 10. dxe5 b6
11. c4 Nc7 12. Nc3 Bb7 13. Be4 Qc8 14. Qf3 Rb8 15. Bc6+ Kf8 16. Bxb7 Qxb7 17. Qxb7 Rxb7 18. Be3 f6 19. Bf4 Kf7 20. Rfd1 Rbb8
21. Rd7 Rbc8 22. Rad1 Rhd8 23. Ne4 Ke8 24. Rxd8+ Rxd8 25. Rxd8+ Kxd8 26. exf6 gxf6 27. g4 f5 28. gxf5 exf5 29. Ng5 Bxg5 30. Bxg5+ Kd7
31. Kg2 Ne6 32. Be3 Kd6 33. Kf3 Ke5 34. Ke2 f4 35. Bd2 Kd4 36. b3 Ke4 37. Bc3 Nd4+ 38. Bxd4 Kxd4 39. Kd2 a6 40. f3 b5
41. cxb5 axb5 42. a4 bxa4 43. bxa4 Kc4 44. a5 Kb5 45. Kc3 Kxa5 46. Kc4 Kb6 47. Kd5 Kb5 48. Ke4 Kc4 49. Kxf4 Kd3 50. Ke5 c4
51. f4 c3 52. f5 c2 53. f6 c1=Q 54. f7 Qc8 55. Kf6 Qf8
0-1